[Event "SVK-chT 0809"]
[Site "Slovakia"]
[Date "2009.02.14"]
[Round "8"]
[White "Mikita, Jozef"]
[Black "Lahner, Jakub"]
[Result "1/2-1/2"]
[WhiteElo "2362"]
[BlackElo "2294"]
[PlyCount "88"]
[EventDate "2008.10.25"]
[EventType "team-tourn"]
[EventRounds "11"]
[EventCountry "SVK"]
[SourceTitle "EXT 2019"]
[Source "ChessBase"]
[SourceDate "2018.10.10"]
[SourceVersion "1"]
[SourceVersionDate "2018.10.10"]
[SourceQuality "1"]
[WhiteTeam "Nitra"]
[BlackTeam "Modra"]
[WhiteTeamCountry "SVK"]
[BlackTeamCountry "SVK"]

1. e4 c5 2. Nf3 Nc6 3. Bb5 g6 4. 0-0 Bg7 5. c3 e5 6. d4 cxd4 7. cxd4 Nxd4 8. Nxd4 exd4 9. Nd2 Ne7 10. Nf3 Nc6 11. b3 0-0 12. Bb2 d5 13. Bxc6 bxc6 14. exd5 c5 15. Rc1 Ba6 16. Rxc5 Bxf1 17. Kxf1 Rc8 18. Bxd4 Bxd4 19. Qxd4 Rxc5 20. Qxc5 Qc8 21. b4 Qf5 22. Ne1 Re8 23. Qd4 Rd8 24. Qxa7 Qxd5 25. Qe7 Qb5+ 26. Qe2 Qxb4 27. g3 Qb7 28. Nf3 Qd5 29. Kg2 Ra8 30. a4 Qc6 31. Qb5 Qe4 32. a5 Rd8 33. Qb6 Rd3 34. Qf6 h5 35. h3 Qa8 36. g4 h4 37. a6 Ra3 38. a7 Rxa7 39. Qxh4 Ra3 40. Qf6 Qe4 41. Kg3 Qd5 42. Kg2 Qe4 43. Kg3 Qd5 44. Kg2 Qe4 1/2-1/2

[Event "SVK-chT1E 0708"]
[Site "Slovakia"]
[Date "2008.03.15"]
[Round "10.2"]
[White "Mikita, Jozef"]
[Black "Ruckschloss, Karol"]
[Result "1/2-1/2"]
[WhiteElo "2369"]
[BlackElo "2281"]
[PlyCount "102"]
[EventDate "2007.10.13"]
[EventType "team-swiss"]
[EventRounds "11"]
[EventCountry "SVK"]
[SourceTitle "EXT 2019"]
[Source "ChessBase"]
[SourceDate "2018.10.10"]
[SourceVersion "1"]
[SourceVersionDate "2018.10.10"]
[SourceQuality "1"]
[WhiteTeam "Trencin SK"]
[BlackTeam "Bratislava Slovan II"]
[WhiteTeamCountry "SVK"]
[BlackTeamCountry "SVK"]

1. e4 e6 2. d4 d5 3. e5 c5 4. c3 Nc6 5. Nf3 Nge7 6. Na3 a6 7. Nc2 c4 8. b4 f5 9. exf6 gxf6 10. Nh4 Kd7 11. g3 Ng6 12. Qh5 Bd6 13. Bg2 Nce7 14. Ne3 Kc7 15. 0-0 Qf8 16. f4 Nxh4 17. Qxh4 f5 18. Qh5 Bd7 19. a4 Qe8 20. Qf3 Rb8 21. b5 axb5 22. axb5 Bxb5 23. Ba3 Bxa3 24. Rxa3 h5 25. h4 Ra8 26. Rxa8 Qxa8 27. Re1 Qa2 28. Nf1 Bd7 29. Qe3 Nc6 30. Re2 Qa1 31. Re1 Qa3 32. Rb1 Qe7 33. Qe2 Qg7 34. Qb2 b5 35. Qe2 b4 36. cxb4 Qxd4+ 37. Kh2 Rb8 38. b5 Nd8 39. Rd1 Qh8 40. Ne3 Rxb5 41. Nxc4 Nc6 42. Ne5 Nxe5 43. fxe5 Kd8 44. Ra1 Ke7 45. Ra7 Qb8 46. Qe3 Rb7 47. Qa3+ Kf7 48. Ra8 Rb3 49. Qa1 Rb1 50. Qa3 Rb3 51. Qa1 Rb1 1/2-1/2

[Event "SVK-chT 0708"]
[Site "Slovakia"]
[Date "2008.02.17"]
[Round "9"]
[White "Matejovic, Juraj"]
[Black "Mikita, Jozef"]
[Result "1/2-1/2"]
[WhiteElo "2268"]
[BlackElo "2369"]
[PlyCount "83"]
[EventDate "2007.10.20"]
[EventType "team-tourn"]
[EventRounds "11"]
[EventCountry "SVK"]
[SourceTitle "EXT 2019"]
[Source "ChessBase"]
[SourceDate "2018.10.10"]
[SourceVersion "1"]
[SourceVersionDate "2018.10.10"]
[SourceQuality "1"]
[WhiteTeam "Modra "]
[BlackTeam "Nitra"]
[WhiteTeamCountry "SVK"]
[BlackTeamCountry "SVK"]

1. e4 e5 2. Nf3 Nc6 3. Bb5 Nf6 4. 0-0 Bc5 5. Nxe5 Nxe4 6. Nd3 Be7 7. Qg4 Ng5 8. f4 h5 9. Qd1 Ne4 10. Nc3 d5 11. Ne5 Qd6 12. d4 Bf5 13. Nxe4 dxe4 14. c4 0-0 15. Be3 Nxe5 16. fxe5 Qg6 17. d5 Rad8 18. Qb3 c6 19. d6 Bxd6 20. exd6 cxb5 21. Qxb5 Bh3 22. Qg5 Rxd6 23. gxh3 Qxg5+ 24. Bxg5 Rg6 25. Rf5 f6 26. Raf1 Rc8 27. b3 fxg5 28. Re5 g4 29. h4 g3 30. Rxe4 Rd8 31. Rfe1 gxh2+ 32. Kxh2 Rd2+ 33. R1e2 Rxe2+ 34. Rxe2 Rg4 35. Kh3 Kf7 36. Re5 g6 37. Rc5 Rd4 38. Rc7+ Kf6 39. Rxb7 Rd3+ 40. Kg2 Rd2+ 41. Kg3 Rxa2 42. c5 1/2-1/2

[Event "SVK-chT 0708"]
[Site "Slovakia"]
[Date "2008.01.19"]
[Round "5"]
[White "Mikita, Jozef"]
[Black "Brestak, Jan"]
[Result "1/2-1/2"]
[WhiteElo "2369"]
[BlackElo "2220"]
[PlyCount "140"]
[EventDate "2007.10.20"]
[EventType "team-tourn"]
[EventRounds "11"]
[EventCountry "SVK"]
[SourceTitle "EXT 2019"]
[Source "ChessBase"]
[SourceDate "2018.10.10"]
[SourceVersion "1"]
[SourceVersionDate "2018.10.10"]
[SourceQuality "1"]
[WhiteTeam "Nitra"]
[BlackTeam "Nove Zamky Basta"]
[WhiteTeamCountry "SVK"]
[BlackTeamCountry "SVK"]

1. e4 e5 2. Nf3 Nc6 3. Bc4 Nf6 4. d3 Be7 5. 0-0 d6 6. c3 a6 7. Bb3 Na5 8. Bc2 c5 9. d4 Qc7 10. Nbd2 Bg4 11. d5 h6 12. h3 Bd7 13. b4 cxb4 14. cxb4 Nc4 15. Nxc4 Qxc4 16. Bd3 Qc8 17. Be3 Bb5 18. a4 Bxd3 19. Qxd3 0-0 20. Nh4 Re8 21. Nf5 Bf8 22. f4 exf4 23. Rxf4 Nxe4 24. Nxh6+ gxh6 25. Rxe4 Rxe4 26. Qxe4 Qd7 27. Bd4 Re8 28. Qf4 f5 29. Ra3 Kh7 30. Rc3 Re4 31. Qf2 Qf7 32. Rc8 Qxd5 33. Bf6 Kg8 34. Rc7 f4 35. Qh4 Qf5 36. Rxb7 Re6 37. Bc3 Rg6 38. Qf2 Qc8 39. Qa2+ Qe6 40. Qxe6+ Rxe6 41. Kf2 Re4 42. Rc7 d5 43. b5 d4 44. Ba5 axb5 45. axb5 Re5 46. Bd2 Rxb5 47. Bxf4 Rf5 48. g3 Bd6 49. Rd7 Bxf4 50. gxf4 Rxf4+ 51. Kg3 Re4 52. Kf3 Rh4 53. Kg3 Re4 54. Kf3 Re3+ 55. Kf4 Rd3 56. Ke4 Rxh3 57. Kxd4 Rf3 58. Ke4 Rf1 59. Rd5 Kg7 60. Rf5 Ra1 61. Kf3 Kg6 62. Rb5 Rg1 63. Rb2 Kf5 64. Rb5+ Kf6 65. Rh5 Kg6 66. Rh3 Ra1 67. Rg3+ Kh5 68. Kg2 Ra5 69. Kh3 Rb5 70. Rg2 Rg5 1/2-1/2

[Event "SVK-chT 0708"]
[Site "Slovakia"]
[Date "2007.12.15"]
[Round "3"]
[White "Dydyshko, Viacheslav"]
[Black "Mikita, Jozef"]
[Result "1-0"]
[WhiteElo "2564"]
[BlackElo "2369"]
[PlyCount "64"]
[EventDate "2007.10.20"]
[EventType "team-tourn"]
[EventRounds "11"]
[EventCountry "SVK"]
[SourceTitle "EXT 2019"]
[Source "ChessBase"]
[SourceDate "2018.10.10"]
[SourceVersion "1"]
[SourceVersionDate "2018.10.10"]
[SourceQuality "1"]
[WhiteTeam "Cadca"]
[BlackTeam "Nitra"]
[WhiteTeamCountry "SVK"]
[BlackTeamCountry "SVK"]

1. d4 Nf6 2. c4 g6 3. Nc3 Bg7 4. e4 d6 5. f3 0-0 6. Be3 e5 7. Nge2 c6 8. d5 cxd5 9. cxd5 a6 10. Ng3 b5 11. a4 b4 12. Nb1 a5 13. Nd2 Nfd7 14. Bb5 Na6 15. Nb3 f5 16. Bf2 Ndc5 17. 0-0 f4 18. Ne2 Rf6 19. Nec1 g5 20. Nd3 Nxb3 21. Qxb3 g4 22. fxg4 Bxg4 23. Rac1 Be2 24. Nxf4 Bxb5 25. Ne6 Bxf1 26. Nxd8 Rxd8 27. Bh4 Be2 28. Qe3 Bh5 29. Qb6 Rb8 30. Qxa6 Rg6 31. Rc8+ Rxc8 32. Qxc8+ Kf7 1-0

[Event "SVK-chT1E 0708"]
[Site "Slovakia"]
[Date "2007.11.10"]
[Round "3.1"]
[White "Tibensky, Robert"]
[Black "Mikita, Jozef"]
[Result "0-1"]
[WhiteElo "2431"]
[BlackElo "2369"]
[PlyCount "76"]
[EventDate "2007.10.13"]
[EventType "team-swiss"]
[EventRounds "11"]
[EventCountry "SVK"]
[SourceTitle "EXT 2019"]
[Source "ChessBase"]
[SourceDate "2018.10.10"]
[SourceVersion "1"]
[SourceVersionDate "2018.10.10"]
[SourceQuality "1"]
[WhiteTeam "Senica SK"]
[BlackTeam "Trencin SK"]
[WhiteTeamCountry "SVK"]
[BlackTeamCountry "SVK"]

1. d4 Nf6 2. Nf3 g6 3. c4 Bg7 4. g3 0-0 5. Bg2 d6 6. 0-0 Nc6 7. Nc3 a6 8. Re1 Rb8 9. Rb1 e5 10. d5 Nd4 11. Nxd4 exd4 12. Qxd4 Bf5 13. Ra1 Ne4 14. Qe3 Nxc3 15. bxc3 b5 16. cxb5 Rxb5 17. Ba3 Ra5 18. Qc1 Ra4 19. e4 Bd7 20. Rb1 f5 21. f4 fxe4 22. Rxe4 Rxe4 23. Bxe4 Re8 24. Bf3 Bf5 25. Rb2 Qf6 26. Bb4 h5 27. Qd1 Kh7 28. Bxh5 a5 29. Bxa5 Ra8 30. Bb4 gxh5 31. Qxh5+ Kg8 32. Re2 Qf7 33. Qf3 Qd7 34. Qf2 Qb5 35. Qf3 Qd7 36. Qf2 Bg4 37. Re1 Qf5 38. Qg2 Qd3 0-1

[Event "SVK-chT1E 0708"]
[Site "Slovakia"]
[Date "2007.10.14"]
[Round "2.3"]
[White "Mikita, Jozef"]
[Black "Lanc, Alois"]
[Result "1/2-1/2"]
[WhiteElo "2369"]
[BlackElo "2357"]
[PlyCount "129"]
[EventDate "2007.10.13"]
[EventType "team-swiss"]
[EventRounds "11"]
[EventCountry "SVK"]
[SourceTitle "EXT 2019"]
[Source "ChessBase"]
[SourceDate "2018.10.10"]
[SourceVersion "1"]
[SourceVersionDate "2018.10.10"]
[SourceQuality "1"]
[WhiteTeam "Trencin SK"]
[BlackTeam "Trnava Lokomotiva"]
[WhiteTeamCountry "SVK"]
[BlackTeamCountry "SVK"]

1. e4 e5 2. f4 exf4 3. Nf3 g5 4. h4 g4 5. Ne5 h5 6. Bc4 Nh6 7. d4 d6 8. Nd3 f3 9. gxf3 Nc6 10. Be3 gxf3 11. Qxf3 Bg4 12. Qf2 Qd7 13. Nc3 Bg7 14. Kd2 Na5 15. Bb3 0-0-0 16. Nf4 Kb8 17. Rhg1 Nxb3+ 18. axb3 a6 19. Ra5 f5 20. Rga1 c6 21. d5 Bxc3+ 22. bxc3 fxe4 23. Ba7+ Kc8 24. dxc6 Qxc6 25. Nd5 Rdf8 26. Ne7+ Kd7 27. Nxc6 Rxf2+ 28. Bxf2 Kxc6 29. R1a4 Re8 30. Rc4+ Kd7 31. Rb4 Kc6 32. Rc4+ Kd7 33. Bb6 Bf3 34. Rc7+ Ke6 35. Rg5 Nf5 36. Rg6+ Ke5 37. Bd4+ Kf4 38. Rf7 e3+ 39. Ke1 d5 40. Rgf6 Bg4 41. Rf8 Rxf8 42. Rxf8 a5 43. Bf6 Kg3 44. Bg5 Nxh4 45. Bxe3 Ng2+ 46. Kd2 Nxe3 47. Kxe3 h4 48. Rf1 Kg2 49. Rf2+ Kg3 50. Rf1 h3 51. Rg1+ Kh4 52. Rh1 Bf5 53. Kd4 Be4 54. Rc1 h2 55. c4 h1Q 56. Rxh1+ Bxh1 57. cxd5 Kg5 58. c4 Kf6 59. Kc5 Be4 60. Kb6 Bd3 61. Kxa5 Bc2 62. b4 Bb3 63. Kb5 Ke7 64. Kb6 Bxc4 65. Kxb7 1/2-1/2

[Event "SVK-ch op-A"]
[Site "Banska Stiavnica"]
[Date "2007.07.15"]
[Round "9.17"]
[White "Mikita, Jozef"]
[Black "Csiba, Dominik"]
[Result "1-0"]
[WhiteElo "2337"]
[BlackElo "2136"]
[PlyCount "71"]
[EventDate "2007.07.07"]
[EventType "swiss"]
[EventRounds "9"]
[EventCountry "SVK"]
[SourceTitle "EXT 2010"]
[Source "ChessBase"]
[SourceDate "2010.11.25"]
[SourceVersion "1"]
[SourceVersionDate "2010.11.25"]
[SourceQuality "1"]

1. e4 c5 2. Nf3 Nc6 3. Bb5 g6 4. 0-0 Bg7 5. c3 e5 6. d4 cxd4 7. cxd4 exd4 8. Bf4 Nge7 9. Bd6 0-0 10. Nbd2 Re8 11. Re1 a6 12. Bc4 Na5 13. Bxf7+ Kxf7 14. b4 Nec6 15. bxa5 Kg8 16. Rc1 Bf8 17. Nc4 Bxd6 18. Nxd6 Re6 19. e5 Qxa5 20. Nxd4 Re7 21. Qb3+ Kg7 22. N4f5+ gxf5 23. Nxf5+ Kh8 24. Nxe7 Nxe7 25. Qf7 Ng6 26. h4 Qd8 27. h5 Nf8 28. Rcd1 d6 29. Rxd6 Bd7 30. h6 Qg5 31. Rxd7 Nxd7 32. Qxd7 Rd8 33. Qxb7 Qxh6 34. e6 Qd2 35. Qe4 Qxa2 36. Qe5+ 1-0

[Event "SVK-ch op-A"]
[Site "Banska Stiavnica"]
[Date "2007.07.11"]
[Round "5"]
[White "Mikita, Jozef"]
[Black "Talla, Vladimir"]
[Result "1-0"]
[WhiteElo "2337"]
[BlackElo "2430"]
[PlyCount "23"]
[EventDate "2007.07.07"]
[EventType "swiss"]
[EventRounds "9"]
[EventCountry "SVK"]
[SourceTitle "CBM 119 Extra"]
[Source "ChessBase"]
[SourceDate "2007.09.04"]
[SourceVersion "1"]
[SourceVersionDate "2007.09.04"]
[SourceQuality "1"]

1. e4 e5 2. f4 exf4 3. Nf3 g5 4. h4 g4 5. Ne5 d6 6. Nxg4 Nf6 7. Nxf6+ Qxf6 8. Nc3 Nc6 9. Nd5 Qg6 10. d3 Bh6 11. Qf3 Bg4 12. Qxg4 1-0

[Event "SVK-chT 0607"]
[Site "Slovakia"]
[Date "2007.04.01"]
[Round "11"]
[White "Mikita, Jozef"]
[Black "Matejovic, Juraj"]
[Result "1/2-1/2"]
[WhiteElo "2303"]
[BlackElo "2247"]
[PlyCount "48"]
[EventDate "2006.10.21"]
[EventType "team-tourn"]
[EventRounds "11"]
[EventCountry "SVK"]
[SourceTitle "EXT 2019"]
[Source "ChessBase"]
[SourceDate "2018.10.10"]
[SourceVersion "1"]
[SourceVersionDate "2018.10.10"]
[SourceQuality "1"]
[WhiteTeam "Nitra"]
[BlackTeam "Modra"]
[WhiteTeamCountry "SVK"]
[BlackTeamCountry "SVK"]

1. e4 c5 2. Nf3 e6 3. d3 Nc6 4. g3 d5 5. Nbd2 Nf6 6. Bg2 Be7 7. 0-0 b6 8. Re1 Bb7 9. exd5 Nxd5 10. Nc4 0-0 11. h4 Qc7 12. a4 Rad8 13. c3 a6 14. Qe2 Rfe8 15. Bg5 e5 16. Bxe7 Rxe7 17. Ng5 h6 18. Bxd5 hxg5 19. Be4 gxh4 20. Qh5 g6 21. Qxh4 Kg7 22. Qg5 Rh8 23. g4 Nd8 24. Ne3 Bxe4 1/2-1/2

[Event "SVK-chT 0607"]
[Site "Slovakia"]
[Date "2007.03.31"]
[Round "10"]
[White "Sosna, Jan"]
[Black "Mikita, Jozef"]
[Result "0-1"]
[WhiteElo "2423"]
[BlackElo "2303"]
[PlyCount "79"]
[EventDate "2006.10.21"]
[EventType "team-tourn"]
[EventRounds "11"]
[EventCountry "SVK"]
[SourceTitle "EXT 2019"]
[Source "ChessBase"]
[SourceDate "2018.10.10"]
[SourceVersion "1"]
[SourceVersionDate "2018.10.10"]
[SourceQuality "1"]
[WhiteTeam "Senica"]
[BlackTeam "Nitra"]
[WhiteTeamCountry "SVK"]
[BlackTeamCountry "SVK"]

1. d4 Nf6 2. Nf3 g6 3. Bg5 d5 4. e3 Bg7 5. Nbd2 0-0 6. Be2 b6 7. 0-0 Bb7 8. c3 c5 9. a4 Nc6 10. Qb3 c4 11. Qc2 Rc8 12. Rfe1 Re8 13. Bf1 Na5 14. Bxf6 exf6 15. e4 dxe4 16. Nxe4 Qd7 17. Ned2 Bd5 18. g3 Bh6 19. Bg2 Kg7 20. Rxe8 Rxe8 21. Re1 Re6 22. Rxe6 fxe6 23. Nf1 Nb3 24. Ne3 Bxe3 25. fxe3 Bxf3 26. Bxf3 Qxa4 27. Qe4 Qa1+ 28. Kg2 Nd2 29. Qb7+ Kh6 30. Kh3 Qf1+ 31. Bg2 Qf5+ 32. g4 Qg5 33. Qb8 Qxe3+ 34. Qg3 Qxg3+ 35. Kxg3 Kg7 36. Kf4 g5+ 37. Ke3 Nb3 38. d5 Kf7 39. d6 Na5 40. Kd4 0-1

[Event "SVK-chT 0607"]
[Site "Slovakia"]
[Date "2007.02.18"]
[Round "9"]
[White "Hausner, Ivan"]
[Black "Mikita, Jozef"]
[Result "1/2-1/2"]
[WhiteElo "2403"]
[BlackElo "2303"]
[PlyCount "98"]
[EventDate "2006.10.21"]
[EventType "team-tourn"]
[EventRounds "11"]
[EventCountry "SVK"]
[SourceTitle "EXT 2019"]
[Source "ChessBase"]
[SourceDate "2018.10.10"]
[SourceVersion "1"]
[SourceVersionDate "2018.10.10"]
[SourceQuality "1"]
[WhiteTeam "Liptov"]
[BlackTeam "Nitra"]
[WhiteTeamCountry "SVK"]
[BlackTeamCountry "SVK"]

1. d4 Nf6 2. c4 e6 3. Nc3 d5 4. Bg5 Nbd7 5. Nf3 Bb4 6. e3 c5 7. Bd3 cxd4 8. exd4 dxc4 9. Bxc4 h6 10. Bd2 0-0 11. 0-0 Nb6 12. Bb3 Bd7 13. Ne5 Bc6 14. Nxc6 bxc6 15. Qf3 Qxd4 16. Rad1 Qh4 17. Qxc6 Rac8 18. Qf3 Nc4 19. Bc1 Rc5 20. Na4 Rh5 21. Qg3 Qe4 22. Qf4 Rc8 23. Rd4 Qxf4 24. Bxf4 e5 25. Rxc4 Rxc4 26. Bxc4 exf4 27. Rd1 Re5 28. h3 g5 29. a3 Be7 30. Kf1 Kf8 31. Nc3 h5 32. b4 g4 33. Nb5 f3 34. Nxa7 fxg2+ 35. Kxg2 gxh3+ 36. Kxh3 Ne4 37. Rd5 Nxf2+ 38. Kg3 Rxd5 39. Bxd5 Nd3 40. Nc6 Bd6+ 41. Kf3 Ne5+ 42. Nxe5 Bxe5 43. a4 Bc3 44. b5 Ba5 45. Ke4 Ke7 46. Kd4 Kd6 47. Bxf7 h4 48. Bd5 Be1 49. Kc4 Kc7 1/2-1/2

[Event "SVK-chT1W 0607"]
[Site "Slovakia"]
[Date "2007.02.11"]
[Round "9.4"]
[White "Rohacek, Miroslav"]
[Black "Mikita, Jozef"]
[Result "0-1"]
[WhiteElo "2278"]
[BlackElo "2321"]
[PlyCount "84"]
[EventDate "2006.10.07"]
[EventType "team-tourn"]
[EventRounds "11"]
[EventCountry "SVK"]
[SourceTitle "EXT 2008"]
[Source "ChessBase"]
[SourceDate "2007.11.25"]
[SourceVersion "1"]
[SourceVersionDate "2007.11.25"]
[SourceQuality "1"]
[WhiteTeam "Budmerice"]
[BlackTeam "Trencin SK"]
[WhiteTeamCountry "SVK"]
[BlackTeamCountry "SVK"]

1. d4 Nf6 2. Nf3 g6 3. g3 Bg7 4. Bg2 0-0 5. 0-0 d6 6. c4 Nc6 7. Nc3 a6 8. h3 Rb8 9. d5 Na5 10. Qd3 c5 11. dxc6 bxc6 12. Nd2 d5 13. g4 dxc4 14. Nxc4 Qxd3 15. exd3 Nxc4 16. dxc4 Be6 17. Re1 Bxc4 18. Rxe7 Nd5 19. Nxd5 cxd5 20. Bf1 Rfc8 21. a4 Bxb2 22. Bxb2 Rxb2 23. Bxc4 dxc4 24. Kg2 c3 25. Rc1 Rb4 26. Re3 c2 27. Re2 Rbc4 28. Kh2 Kg7 29. Kg2 R8c5 30. Kh2 Kf6 31. Kg2 Kg5 32. Kg3 h5 33. f3 h4+ 34. Kg2 Kf4 35. Kf2 f5 36. Kg2 a5 37. Kf2 Rc3 38. Kg2 R5c4 39. gxf5 gxf5 40. Re8 Re3 41. Rh8 Re2+ 42. Kf1 Kxf3 0-1

[Event "SVK-chT1W 0607"]
[Site "Slovakia"]
[Date "2006.12.02"]
[Round "5.3"]
[White "Borik, Juraj"]
[Black "Mikita, Jozef"]
[Result "1-0"]
[WhiteElo "2255"]
[BlackElo "2321"]
[PlyCount "61"]
[EventDate "2006.10.07"]
[EventType "team-tourn"]
[EventRounds "11"]
[EventCountry "SVK"]
[SourceTitle "EXT 2008"]
[Source "ChessBase"]
[SourceDate "2007.11.25"]
[SourceVersion "1"]
[SourceVersionDate "2007.11.25"]
[SourceQuality "1"]
[WhiteTeam "Dubnica nad Vahom II"]
[BlackTeam "Trencin SK"]
[WhiteTeamCountry "SVK"]
[BlackTeamCountry "SVK"]

1. e4 c5 2. Nf3 Nc6 3. d4 cxd4 4. Nxd4 Nf6 5. Nc3 d6 6. Bg5 e6 7. Qd2 a6 8. 0-0-0 h6 9. Be3 Bd7 10. f4 b5 11. Bd3 Qc7 12. Rhe1 Be7 13. h3 Na5 14. e5 b4 15. Ne4 Nxe4 16. Bxe4 Nc4 17. Qe2 Rc8 18. Bf2 dxe5 19. fxe5 Bb5 20. Nxe6 Qa5 21. Bd4 Bg5+ 22. Nxg5 Qxa2 23. b3 Na3 24. Qf2 hxg5 25. Qf5 Bd7 26. e6 Bxe6 27. Bd3 Qxb3 28. Bxg7 Rg8 29. Bf6 Rg6 30. Rxe6+ Kf8 31. Be7+ 1-0

[Event "SVK-chT 0607"]
[Site "Slovakia"]
[Date "2006.10.21"]
[Round "1"]
[White "Klima, Lukas"]
[Black "Mikita, Jozef"]
[Result "1/2-1/2"]
[WhiteElo "2422"]
[BlackElo "2303"]
[PlyCount "64"]
[EventDate "2006.10.21"]
[EventType "team-tourn"]
[EventRounds "11"]
[EventCountry "SVK"]
[SourceTitle "EXT 2019"]
[Source "ChessBase"]
[SourceDate "2018.10.10"]
[SourceVersion "1"]
[SourceVersionDate "2018.10.10"]
[SourceQuality "1"]
[WhiteTeam "Cadca"]
[BlackTeam "Nitra"]
[WhiteTeamCountry "SVK"]
[BlackTeamCountry "SVK"]

1. e4 e5 2. Nf3 Nc6 3. Bb5 f5 4. Nc3 fxe4 5. Nxe4 d5 6. Nxe5 dxe4 7. Nxc6 Qg5 8. Qe2 Nf6 9. Ne5+ c6 10. f4 Qxf4 11. d4 Qh4+ 12. g3 Qh3 13. Bc4 Be6 14. Bg5 0-0-0 15. 0-0-0 Bd6 16. Qf1 Rhe8 17. Bxf6 Qh6+ 18. Kb1 Qxf6 19. Qxf6 gxf6 20. Bxe6+ Rxe6 21. Nf7 Rd7 22. Nh6 Bc7 23. c3 Rd5 24. g4 c5 25. dxc5 Rxd1+ 26. Rxd1 Bxh2 27. Nf5 e3 28. Re1 Bf4 29. Kc2 Re5 30. Kd3 Rxc5 31. Nxe3 Bxe3 32. Rxe3 h5 1/2-1/2

[Event "SVK-chT1W 0607"]
[Site "Slovakia"]
[Date "2006.10.08"]
[Round "2.2"]
[White "Mikita, Jozef"]
[Black "Pinter, Erik"]
[Result "0-1"]
[WhiteElo "2321"]
[BlackElo "2454"]
[PlyCount "84"]
[EventDate "2006.10.07"]
[EventType "team-tourn"]
[EventRounds "11"]
[EventCountry "SVK"]
[SourceTitle "EXT 2008"]
[Source "ChessBase"]
[SourceDate "2007.11.25"]
[SourceVersion "1"]
[SourceVersionDate "2007.11.25"]
[SourceQuality "1"]
[WhiteTeam "Trencin SK"]
[BlackTeam "Hlohovec SK Zentiva II"]
[WhiteTeamCountry "SVK"]
[BlackTeamCountry "SVK"]

1. e4 c5 2. Nf3 d6 3. d4 cxd4 4. Nxd4 Nf6 5. Nc3 Nc6 6. Bg5 Bd7 7. Qd2 Rc8 8. 0-0-0 Nxd4 9. Qxd4 Qa5 10. Bd2 a6 11. Kb1 Qc7 12. f4 e5 13. Qd3 Be7 14. Be2 b5 15. a3 Bc6 16. Rhe1 0-0 17. Bf3 Nd7 18. Bg4 Nc5 19. Qh3 Rb8 20. fxe5 dxe5 21. Nd5 Bxd5 22. exd5 a5 23. Re3 g6 24. Qh6 f5 25. d6 Bxd6 26. Bxa5 Qxa5 27. Rxd6 Qc7 28. Rh3 fxg4 29. Rxg6+ Kh8 30. Rxg4 Rf1+ 31. Ka2 Qf7+ 32. b3 Ne6 33. Qe3 Rf5 34. Rf3 Rf8 35. Re4 Ng5 36. Rxe5 Nxf3 37. Re7 Qf6 38. gxf3 Rxf3 39. Qa7 Qg6 40. Qd4+ R3f6 41. Kb2 Rc8 42. c3 Qg2+ 0-1

[Event "SVK-chT1W 0607"]
[Site "Slovakia"]
[Date "2006.10.07"]
[Round "1.1"]
[White "Meszaros, Michal"]
[Black "Mikita, Jozef"]
[Result "0-1"]
[WhiteElo "2397"]
[BlackElo "2321"]
[PlyCount "108"]
[EventDate "2006.10.07"]
[EventType "team-tourn"]
[EventRounds "11"]
[EventCountry "SVK"]
[SourceTitle "EXT 2008"]
[Source "ChessBase"]
[SourceDate "2007.11.25"]
[SourceVersion "1"]
[SourceVersionDate "2007.11.25"]
[SourceQuality "1"]
[WhiteTeam "Komarno Hoffer II"]
[BlackTeam "Trencin SK"]
[WhiteTeamCountry "SVK"]
[BlackTeamCountry "SVK"]

1. e4 c5 2. Nf3 d6 3. d4 cxd4 4. Nxd4 Nf6 5. Nc3 Nc6 6. Bg5 e6 7. Qd2 a6 8. 0-0-0 h6 9. Be3 Bd7 10. f3 b5 11. Nxc6 Bxc6 12. Ne2 Qc7 13. Nd4 Bb7 14. g4 Rc8 15. g5 hxg5 16. Bxg5 Nd7 17. Kb1 Ne5 18. Qg2 Nc4 19. Bc1 d5 20. Bd3 Qe5 21. c3 dxe4 22. fxe4 Be7 23. Rde1 Bf6 24. Qe2 Rh3 25. Nf3 Qh5 26. Rhf1 Ne5 27. Nxe5 Qxe2 28. Rxe2 Bxe5 29. Bc2 Rxh2 30. Rxh2 Bxh2 31. a4 Be5 32. axb5 axb5 33. Bd3 Bc6 34. Be3 f6 35. Kc2 Ra8 36. Bc5 Kf7 37. Rh1 f5 38. Rf1 f4 39. Rh1 Ra4 40. Bb4 g5 41. Rg1 Kf6 42. Kd2 Ra8 43. Rh1 Kg6 44. Rg1 Rh8 45. Be7 Rh2+ 46. Kc1 f3 47. Rxg5+ Kf7 48. Rxe5 Kxe7 49. c4 Kd6 50. Rg5 bxc4 51. Bxc4 Bxe4 52. Kd1 Rh1+ 53. Kd2 f2 54. Ke3 Bd5 0-1

[Event "SVK-ch op-A"]
[Site "Banska Stiavnica"]
[Date "2006.07.12"]
[Round "5"]
[White "Mikita, Jozef"]
[Black "Pacher, Milan"]
[Result "1-0"]
[WhiteElo "2271"]
[BlackElo "2227"]
[PlyCount "93"]
[EventDate "2006.07.08"]
[EventType "swiss"]
[EventRounds "9"]
[EventCountry "SVK"]
[SourceTitle "CBM 113 Extra"]
[Source "ChessBase"]
[SourceDate "2006.09.14"]
[SourceVersion "1"]
[SourceVersionDate "2006.09.14"]
[SourceQuality "1"]

1. e4 c5 2. Nf3 d6 3. d4 cxd4 4. Nxd4 Nf6 5. Nc3 a6 6. Be2 e6 7. 0-0 Be7 8. a4 0-0 9. Be3 Nc6 10. f4 Qc7 11. Kh1 Bd7 12. Nb3 Na5 13. e5 Ne8 14. Nxa5 Qxa5 15. Qd2 Rc8 16. Bf3 Qc7 17. Rad1 Bc6 18. Bd4 Bxf3 19. Rxf3 dxe5 20. Bxe5 Qc6 21. Qd7 Bf6 22. Qxc6 Rxc6 23. Rd7 Bxe5 24. fxe5 Rb6 25. b3 f6 26. a5 Rb4 27. Re7 fxe5 28. Rxe6 Rbf4 29. Rxe5 Rxf3 30. gxf3 Nd6 31. Ne4 Nf5 32. Nc5 Nd4 33. Nxb7 Rxf3 34. Kg2 Rc3 35. Rc5 Rxc2+ 36. Rxc2 Nxc2 37. Nc5 Nb4 38. Kf3 Kf7 39. Ke4 Ke7 40. Kd4 Kd6 41. Kc4 Nc6 42. b4 Nb8 43. b5 axb5+ 44. Kxb5 Kd5 45. Nd3 Kd4 46. Nb4 Ke3 47. Nc6 1-0

[Event "SVK-ch op-A"]
[Site "Banska Stiavnica"]
[Date "2006.07.10"]
[Round "3"]
[White "Mikita, Jozef"]
[Black "Petran, Peter"]
[Result "1/2-1/2"]
[WhiteElo "2271"]
[BlackElo "2326"]
[PlyCount "92"]
[EventDate "2006.07.08"]
[EventType "swiss"]
[EventRounds "9"]
[EventCountry "SVK"]
[SourceTitle "CBM 113 Extra"]
[Source "ChessBase"]
[SourceDate "2006.09.14"]
[SourceVersion "1"]
[SourceVersionDate "2006.09.14"]
[SourceQuality "1"]

1. e4 g6 2. d4 Bg7 3. Nf3 d6 4. Bc4 Nf6 5. Nc3 0-0 6. Bb3 Bg4 7. Be3 Nc6 8. Qd2 Bxf3 9. gxf3 e5 10. dxe5 dxe5 11. 0-0-0 Na5 12. Qe2 Nxb3+ 13. axb3 Qc8 14. h4 c6 15. Rdg1 Nh5 16. Qc4 b5 17. Qc5 Re8 18. Ne2 a5 19. Ng3 Nf4 20. Bxf4 exf4 21. Nf5 Bf8 22. Qc3 b4 23. Qd2 Qc7 24. h5 a4 25. Qd4 Qe5 26. hxg6 fxg6 27. Qd7 Bg7 28. Nxg7 Qxg7 29. Qxg7+ Kxg7 30. Rd1 Re7 31. bxa4 Rxa4 32. Kd2 Ra2 33. Rb1 Rd7+ 34. Ke2 Kf6 35. Rhc1 h5 36. b3 g5 37. Ra1 Rda7 38. Rxa2 Rxa2 39. Kd3 g4 40. fxg4 hxg4 41. Rh1 Kg5 42. Rh8 Ra7 43. Rg8+ Kh4 44. Rh8+ Kg5 45. Rg8+ Kh4 46. Rh8+ Kg5 1/2-1/2